Man and his relationship to God. (Record no. 12017)

000 -LEADER
fixed length control field 00546nam a2200181 a 4500
001 - CONTROL NUMBER
control field :::00009819$&:&@@
003 - CONTROL NUMBER IDENTIFIER
control field OkBaRHE
005 - DATE AND TIME OF LATEST TRANSACTION
control field 20000607103353.0
008 - FIXED-LENGTH DATA ELEMENTS--GENERAL INFORMATION
fixed length control field s1969 j 000 0 eng u
040 ## - CATALOGING SOURCE
Transcribing agency
100 1# - MAIN ENTRY--PERSONAL NAME
Personal name Greene, Oliver B.
245 10 - TITLE STATEMENT
Title Man and his relationship to God.
260 ## - PUBLICATION, DISTRIBUTION, ETC. (IMPRINT)
Place of publication, distribution, etc Greenville, SC., :
Name of publisher, distributor, etc The Gospel Hour
Date of publication, distribution, etc c1969
300 ## - PHYSICAL DESCRIPTION
Extent 204 p. ;
Dimensions 19 cm.
650 ## - SUBJECT ADDED ENTRY--TOPICAL TERM
Topical term or geographic name as entry element Sermons, American
942 ## - ADDED ENTRY ELEMENTS (KOHA)
Source of classification or shelving scheme
Koha item type Books
Copies
Withdrawn status Permanent Location Barcode Koha item type Price effective from Date acquired Damaged status Shelving location Date last seen Copy number Source of classification or shelving scheme Not for loan Lost status Full call number
 RHEMA Bible Training College9819Books2010-04-142010-04-14 General Stacks2010-04-141   BV 4241 .G68M3